Environmental Pollution Analysis (Record no. 22)

MARC details
000 -LEADER
Fixed length control field 00433nam a2200181 4500
003 - CONTROL NUMBER IDENTIFIER
Control field SEACOMMC
005 - DATE AND TIME OF LATEST TRANSACTION
Control field 20231009072601.0
008 - FIXED-LENGTH DATA ELEMENTS--GENERAL INFORMATION
Fixed length control field 231009b |||||||| |||| 00| 0 eng d
020 ## - INTERNATIONAL STANDARD BOOK NUMBER / ISBN
Price 475.00
040 ## - CATALOGING SOURCE
Original cataloging agency SEACOMMC
082 ## - DEWEY DECIMAL CLASSIFICATION NUMBER
Classification number 333.7214
Book Number ENV
100 ## - MAIN ENTRY--PERSONAL NAME
Personal name Khopkar,S.M
245 ## - TITLE STATEMENT
Title Environmental Pollution Analysis
260 ## - IMPRINT
Place of publication New Delhi
Name of publisher New Age
Date of publication 2005
650 ## - SUBJECT ADDED ENTRY--TOPICAL TERM
Topical term Environment Science
700 ## - ADDED ENTRY--PERSONAL NAME
Personal name S.M Khopkar
942 ## - ADDED ENTRY ELEMENTS (KOHA)
Koha item type Books
Holdings
Withdrawn status Lost status Source of classification Damaged status Not for loan Home library Current library Date acquired Price Total Checkouts Call number Accession number Date last seen Price effective from Koha item type Copy number
    Dewey Decimal Classification     SEACOM MANAGEMENT COLLEGE SEACOM MANAGEMENT COLLEGE 09/10/2023 175.00   333.7214 ENV 41 09/10/2023 09/10/2023 Reference Books  
    Dewey Decimal Classification     SEACOM MANAGEMENT COLLEGE SEACOM MANAGEMENT COLLEGE 09/10/2023 175.00   333.7214 ENV 42 09/10/2023 09/10/2023 Books 1
    Dewey Decimal Classification     SEACOM MANAGEMENT COLLEGE SEACOM MANAGEMENT COLLEGE 09/10/2023 175.00   333.7214 ENV 43 09/10/2023 09/10/2023 Books 2
    Dewey Decimal Classification     SEACOM MANAGEMENT COLLEGE SEACOM MANAGEMENT COLLEGE 09/10/2023 175.00   333.7214 ENV 44 09/10/2023 09/10/2023 Books 3
    Dewey Decimal Classification     SEACOM MANAGEMENT COLLEGE SEACOM MANAGEMENT COLLEGE 09/10/2023 175.00   333.7214 ENV 45 09/10/2023 09/10/2023 Books 4
© Seacom Engineering College, All rights reserved.    Powered by Koha